| 000 | 00379cam a22001337a 4500 | ||
|---|---|---|---|
| 008 | 180718b1961 xxu||||| |||| 00| 0 eng d | ||
| 082 | _aB1x42 M244 | ||
| 100 | _aMacrae, Donald G. | ||
| 245 |
_aIdeology and society - papers in sociology and politics _cby Donald G. Macrae |
||
| 260 |
_aLondon _bHeinemann _c1961 |
||
| 300 | _a231p. | ||
| 500 | _a25/- | ||
| 650 | _aSociology - U.K. | ||
| 999 |
_c373337 _d373337 |
||